台灣RCA 2.0根本原因分析手冊 / (Record no. 7636)
[ view plain ]
| 000 -LEADER | |
|---|---|
| fixed length control field | 00562cam a22002052i 4500 |
| 001 - CONTROL NUMBER | |
| control field | 978-626-98805-4-6 |
| 003 - CONTROL NUMBER IDENTIFIER | |
| control field | YEEZEN |
| 005 - DATE AND TIME OF LATEST TRANSACTION | |
| control field | 20250313153042.0 |
| 008 - FIXED-LENGTH DATA ELEMENTS--GENERAL INFORMATION | |
| fixed length control field | 241011s2024 ch e 000 0 chi d |
| 020 ## - INTERNATIONAL STANDARD BOOK NUMBER | |
| International Standard Book Number | 9786269880546 |
| Qualifying information | (平裝) : |
| Terms of availability | NT$600 |
| 040 ## - CATALOGING SOURCE | |
| Original cataloging agency | ISBN |
| Language of cataloging | chi |
| Transcribing agency | ISBN |
| 042 ## - AUTHENTICATION CODE | |
| Authentication code | nbic |
| 050 ## - LIBRARY OF CONGRESS CALL NUMBER | |
| Classification number | 415.85 |
| 082 ## - DEWEY DECIMAL CLASSIFICATION NUMBER | |
| Classification number | 415.85 |
| 245 10 - TITLE STATEMENT | |
| Title | 台灣RCA 2.0根本原因分析手冊 / |
| Statement of responsibility, etc. | 王興中, 呂立, 吳永隆, 洪聖惠作 |
| 250 ## - EDITION STATEMENT | |
| Edition statement | 初版 |
| 260 ## - PUBLICATION, DISTRIBUTION, ETC. | |
| Place of publication, distribution, etc. | 新北市 : |
| Name of publisher, distributor, etc. | 醫策會, |
| Date of publication, distribution, etc. | 2025.01 |
| 300 ## - PHYSICAL DESCRIPTION | |
| Extent | 面 ; |
| Dimensions | 公分 |
| 942 ## - ADDED ENTRY ELEMENTS (KOHA) | |
| Source of classification or shelving scheme | 中文圖書分類法 |
| Koha item type | 一般圖書 |
| 撤銷狀態 | 遺失狀態 | 分類號來源 | 損壞狀態 | 不外借 | 永久館藏地 | 現在館藏地 | 書架位置 | 採購日期 | 全部借出 | 完整索書號 | 條碼號 | 最後一次日期記錄 | 一般價格有效日期 | Koha館藏類型 | 公開資訊 |
|---|---|---|---|---|---|---|---|---|---|---|---|---|---|---|---|
| 未註銷館藏 | 未遺失 | 中文圖書分類法 | 未損毀 | 可外借 | 怡仁綜合醫院圖書館 | 怡仁綜合醫院圖書館 | 2025-03-13 | 415.85 | C03220 | 2025-03-13 | 2025-03-13 | 一般圖書 | 近幾年國際上以及醫療界已認同RCA是提升病人安全中重要方法之一,亦相繼提出手法教學以及回饋行動。國內自92年起即將RCA手法納入病人安全計畫推動中,執行二十年多來,從醫療機構實際推行根本原因手法中發現,最大的困難為調查員的培訓不易,人員除了須具備相關醫療背景外,需要具備RCA手法的專業知識並透過實務練習來累積經驗。 |